Memoria de gestión 2010
Guardat en:
| Autor corporatiu: | |
|---|---|
| Format: | Llibre |
| Idioma: | espanyol |
| Publicat: |
Santiago
Clínicas de Chile
2010
|
| Matèries: | |
| Etiquetes: |
Afegir etiqueta
Sense etiquetes, Sigues el primer a etiquetar aquest registre!
|
MARC
| LEADER | 00000cam a2200000 a 4500 | ||
|---|---|---|---|
| 001 | UCF1002 | ||
| 003 | CL-VaPUC | ||
| 008 | 120614e20100000CL |||||||||||||||||spa|d | ||
| 082 | 0 | 4 | |a 658.15 |b CLI |2 21 |
| 110 | 2 | |a Clínicas de Chile |e author |9 562683 | |
| 245 | 1 | 0 | |a Memoria de gestión 2010 |
| 300 | |a 44 p | ||
| 942 | |c BK | ||
| 945 | |d 20120614 00:00:00 |a dcastane | ||
| 260 | |a Santiago |b Clínicas de Chile |c 2010 | ||
| 650 | 0 | |a Administración financiera |9 261146 | |
| 650 | 0 | |a Control presupuestario |9 345693 | |
| 650 | 0 | |a Hospitales |9 335788 | |
| 650 | 7 | |a CLINICAS |2 CL-VaPUC |9 357522 | |
| 583 | |a last modification |c 20140411 05:01:14 |k Rodrigo Vera | ||
| 999 | |c 348025 |d 348023 | ||
| 952 | |0 0 |1 0 |4 0 |6 658_150000000000000_CLI_2010 |7 0 |8 A |9 449880 |a BIBGIM |b BIBGIM |d 2019-11-22 |i 484579K |o 658.15 CLI 2010 |p 484579K |r 2025-01-15 |w 2019-11-22 |y BK |k GIM | ||